Премудрий гідальго Дон Кіхот з Ламанчі (Запис № 580213)

МАРК-запис
000 -Лідер
fixed length control field 00957 a2200229 4500
003 - Ідентифікатор контрольного номера
control field UA-OsUOA
005 - Дата та час останнього входження (трансакції)
control field 20260326100246.0
008 - Елементи даних фіксованої довжини – загальна інформація
fixed length control field 260326b un ||||| |||| 00| 0 ukr d
020 ## - Міжнародний стандартний книжковий номер (ISBN)
Міжнародний стандартний книжковий номер (ISBN) (НП) 5308008906
040 ## - Джерело каталогізації
Мова каталогізації ukr
Агенція, яка здійснювала перезапис UA-OsUOA
080 ## - Індекс Універсальної десяткової класифікації
Індекс Універсальної десяткової класифікації (УДК) (НП) 821.161.2(460)
090 ## - Локальний шифр розміщення
Класифікаційний індекс УДК 821.161.2(460)
Авторський знак (НП) С32
100 ## - Основне введення – ім’я особи
Ім’я особи (НП) Сааведра М. С.
9 (RLIN) 24674
245 ## - Відомості про назву
Назва (НП) Премудрий гідальго Дон Кіхот з Ламанчі
Решта назви (НП) роман
Дані про відповідальність (НП) Мігель де Сервантес Сааведра ; пер. з ісп. М. Лукаша
246 ## - Інша форма назви
Назва (НП) El sabio hidalgo Don Quijote de la Mancha
260 ## - Публікація, розповсюдження і т.п. (Вихідні дані)
Місце публікації, розповсюдження і т.п. (П) К.
Ім’я/ наймення видавництва, розповсюджувача і т.п. (П) Дніпро
Дата публікації, розповсюдження і т.п. (П) 1995
300 ## - Фізичний опис
Обсяг 703 с.
Інші фізичні характеристики (НП) іл.
650 ## - Додаткове предметне введення – тематичний термін
Тематичний термін чи географічна назва, як елемент введення (НП) 821 Художня література окремими мовами і мовними сім'ями
9 (RLIN) 17
942 ## - Додаткові елементи входу (Коха)
Тип елемента Koha Книги
Source of classification or shelving scheme Universal Decimal Classification
955 ## - Код типу видання за змістом
Код типу видання за змістом (НП) Літературно-художні видання
Фонди
Стан вилучень Стан втрат Джерело класифікації або схеми стелажів Стан уражень Не для кредиту Код колекції Постійне місце розташування Поточне розміщення Дата придбання Джерело придбання Вартість, звичайна ціна покупки Усього замовленно Повний номер виклику Штрих-код Дата останнього перегляду Вартість, ціна заміни Ціна ефективна від Тип елемента Koha
    Universal Decimal Classification     Колекція Шевчука Валерія АБ - Абонемент НБ АБ - Абонемент НБ 26/03/2026 №16/25.03.2026 50.00   821.161.2(460) С32 169706 26/03/2026 50.00 26/03/2026 Книги